000
00338nam a2200145Ia 4500
003
OSt
005
20240229112909.0
008
170524s9999 xx 000 0 und d
020
_a
978-9339222574
040
_c
IIMT UNIVERSITY
100
_a
Chandra Prasanna
245
0
_a
FINANCIAL MANAGEMENT
260
_a
New Delhi:TMH
942
_2
ddc
_c
02
999
_c
3046
_d
3046